Link Games - Statistics

General Stats
  • This quiz has been taken 3 times
  • The average score is 9 of 20
Answer Stats
Hint Answer % Correct
1st game of this series The Legend of Zelda
100%
Past A Link to the Past
67%
Second newest Breath of the Wild
67%
Awaken Link's Awakening
67%
Mask Majora's Mask
67%
Time Ocarina of Time
67%
Ages Oracle of Ages
67%
Spirit Spirit Tracks
67%
Newest Tears of the Kingdom
67%
Wind The Wind Waker
67%
Sequel to the first Adventure of Link
33%
Cap Minish Cap
33%
Seasons Oracle of Seasons
33%
Sky Skyward Sword
33%
Three Tri Force Heroes
33%
Twilight Twilight Princess
33%
Link A Link Between Worlds
0%
Past and swords A Link to the Past and Four Swords
0%
Four Four Swords Adventures
0%
Ghosts Phantom Hourglass
0%
No matching quizzes found
Score Distribution
Percent of People with Each Score
Percentile by Number Answered
Your Score History
You have not taken this quiz